000 00378cam a22001097a 4500
008 180718b1963 xxu||||| |||| 00| 0 eng d
082 _aL715x54 In2
245 _aConditions of contract
_cby Ministry of Economic and Defence Co-ordination, India
260 _aDelhi
_bManager of Publications
_c1963
300 _a43p.
700 _aIndia. Ministry of Economic and Defence Co-ordination
999 _c500594
_d500594